[Event "Stay Safe Play From Home 232"]
[Site "Emanuel Lasker Arena"]
[Date "2020.06.17"]
[Round "3"]
[White "Shyamph1980"]
[Black "Trotsky"]
[Result "0-1"]
[WhiteElo "1482"]
[BlackElo "1432"]
[Annotator "NA RC"]
[PlyCount "54"]
[EventDate "2020.06.17"]
[EventType "swiss (blitz)"]

1. e4 {[%emt 0:00:02]} c5 {[%emt 0:00:01]} 2. Nf3 {[%emt 0:00:01]} Nc6 {[%emt 0:00:01]} 3. Bb5 {[%emt 0:00:01]} Nf6 {[%emt 0:00:03]} 4. Bxc6 {[%emt 0:00:01]} bxc6 {[%emt 0:00:01]} 5. Nc3 {[%emt 0:00:02]} d6 {[%emt 0:00:01]} 6. d3 {[%emt 0:00:01]} e6 {[%emt 0:00:01]} 7. O-O {[%emt 0:00:01]} Qc7 {[%emt 0:00:02]} 8. Bf4 {[%emt 0:00:01]} Bb7 {[%emt 0:00:01]} 9. Rb1 {[%emt 0:00:03]} Rd8 {[%emt 0:00:01]} 10. Qe2 {[%emt 0:00:03]} Be7 {[%emt 0:00:01]} 11. d4 {[%emt 0:00:02]} cxd4 {[%emt 0:00:03]} 12. Nxd4 {[%emt 0:00:01]} O-O {[%emt 0:00:01]} 13. Rfd1 {[%emt 0:00:02]} e5 {[%emt 0:00:02]} 14. Nf5 {[%emt 0:00:02]} d5 {[%emt 0:00:01]} 15. Nxe7+ {[%emt 0:00:01]} Qxe7 {[%emt 0:00:01]} 16. Bg5 {[%emt 0:00:01]} Kh8 {[%emt 0:00:02]} 17. exd5 {[%emt 0:00:01]} cxd5 {[%emt 0:00:01]} 18. Qf3 {[%emt 0:00:03]} e4 {[%emt 0:00:02]} 19. Bxf6 {[%emt 0:00:01]} gxf6 {[%emt 0:00:02]} 20. Qf5 {[%emt 0:00:02]} Rg8 {[%emt 0:00:01]} 21. g3 {[%emt 0:00:02]} d4 {[%emt 0:00:01]} 22. Nb5 {[%emt 0:00:07]} e3 {[%emt 0:00:02]} 23. fxe3 {[%emt 0:00:02]} Rg5 {[%emt 0:00:03]} 24. Qf4 {[%emt 0:00:05]} Rdg8 {[%emt 0:00:02]} 25. exd4 {[%emt 0:00:03]} Qd7 {[%emt 0:00:07]} 26. Nc3 {[%emt 0:00:02]} Qc6 {[%emt 0:00:01]} 27. Re1 {[%emt 0:00:01]} Qg2# {[%emt 0:00:01] (Lag: Av=0.58s, max=1.0s)} 0-1

[Event "Stay Safe Play From Home 232"]
[Site "Emanuel Lasker Arena"]
[Date "2020.06.17"]
[Round "4"]
[White "Broken sword"]
[Black "Mepe_Nika"]
[Result "1-0"]
[WhiteElo "2444"]
[BlackElo "2358"]
[Annotator "TA"]
[PlyCount "97"]
[EventDate "2020.06.17"]
[EventType "swiss (blitz)"]

{[%evp 15,97,0,-6,-22,0,-6,-2,-4,0,0,10,5,0,0,20,10,12,0,0,0,3,-24,0,-50,-71,-51,-63,-73,-68,-294,2,-36,0,-174,-148,-261,0,-14,-12,-85,-30,-63,0,0,993,21,1127,993,965,867,29997,29998,29999,1093,1045,0,0,0,0,0,0,-546,0,-545,-564,-489,-261,-376,-302,-304,-296,-281,0,0,0,0,0,0,106,0,12850,12848,29998,29999]} 1. d4 c5 2. Nf3 cxd4 3. Nxd4 Nc6 4. Nxc6 bxc6 5. c4 d5 6. cxd5 cxd5 7. Nc3 Nf6 8. e3 e6 9. Be2 {A33: Symmetrical English: 2 Nf3 Nf6 3 d4 cxd4 4 Nxd4 e6 5 Nc3 Nc6.} Be7 10. O-O O-O 11. b3 {[#] The position is equal.} a5 $146 ({Predecessor:} 11... Bb7 12. Bb2 Rc8 13. Rc1 Qa5 14. Qd3 Ba3 15. Bxa3 Qxa3 16. Rc2 Qe7 17. Rfc1 h6 {½-½ (32) Ganske,F-Zapnik,G Mecklenburg VP 2000}) 12. Bb2 Ba6 13. Rc1 Qb6 14. Na4 Qa7 15. Bxa6 Qxa6 16. Nc5 Bxc5 17. Rxc5 Ne4 18. Rc7 Rfc8 19. Qc2 Rxc7 20. Qxc7 Rc8 $1 {[%cal Rc8c7]} 21. Qe5 {[%csl Gb2][%cal Re5g7]} f6 22. Qf4 $2 (22. Qh5 $1 $15) 22... Qd6 $2 ({Black should play} 22... Qe2 $19 23. Bd4 g5) 23. Qg4 Rc2 24. Ba1 $2 (24. Rc1 $1 $11 {and White has nothing to worry.} Rxc1+ 25. Bxc1) 24... e5 25. f3 (25. h4 $17 {was necessary.}) 25... Nc3 $2 (25... Nd2 $19 26. Rd1 Qc6) 26. Bxc3 Rxc3 $11 {[%mdl 4096] Endgame KQR-KQR} 27. Rd1 (27. Qa4 $11 {remains equal.}) 27... h6 (27... Qc6 $17 28. Qa4 Qxa4 29. bxa4 Rc5) 28. h4 Rc2 ({But not} 28... Rxe3 $6 29. Rc1 $16) ({Black should try} 28... Qc6 $15 29. Qa4 Qxa4 30. bxa4 Rc5) 29. h5 Rxa2 $2 {[%mdl 8192] [#]} (29... Qc6 $11) 30. Qc8+ $2 (30. Rc1 $1 $18 {[%cal Rc1c8]} Kf7 31. Qg6+ Kg8 32. Rc8+ Qf8 33. Rxf8+ Kxf8 34. Qb1) 30... Kh7 $2 {[%mdl 8192]} (30... Qf8 $11 31. Qe6+ Qf7 32. Qxd5 Rb2) 31. Qf5+ Kg8 {[#]} 32. Rc1 $1 {[%cal Rc1c8] Rc8+ would kill now.} Qb6 33. Rc8+ Kf7 34. Qg6+ (34. Qd7# $142) 34... Ke6 $18 35. Qxg7 $2 (35. Qe8+ $18 Kd6 36. Rd8+ Qxd8 37. Qxd8+ Kc6 38. Qe7) 35... Qxe3+ $11 36. Kh2 {Threatening mate with Rc6+.} Qf4+ 37. Kh3 {White wants to mate with Rc6+.} Qf5+ {[%mdl 64] Double Attack} 38. Kh2 $2 {[%mdl 8192]} (38. Kg3 $11 {and White is okay.} Qf4+ 39. Kh3 Qf5+ {[%mdl 64] Double Attack} 40. Kg3 Qf4+ 41. Kh3) 38... Qf4+ $2 (38... Qxh5+ $19 39. Kg3 Qg5+ 40. Qxg5 hxg5 41. Rc6+ Ke7 42. Rc7+ Kd6) 39. Qg3 $2 {[%mdl 8192]} (39. Kh3 $11 Qf5+ {[%mdl 64] Double Attack} 40. Kg3 Qf4+ 41. Kh3) 39... Qxg3+ $19 40. Kxg3 {KR-KR} Rb2 (40... d4 $142 {White must now prevent ...d3.} 41. Rc6+ Kf5) 41. Ra8 (41. Rh8 {was the only defense.}) 41... Rxb3 42. Ra6+ Kf5 43. Rxa5 Rb4 $2 (43... Rd3 $19 {Hoping for ...d4.} 44. Kh4 Rd1) 44. Rxd5 $11 Kg5 45. Rd6 Kxh5 46. Rxf6 e4 (46... Kg5 $11 47. Re6 Rb5) 47. f4 ({Better is} 47. Rf5+ $16 Kg6 48. Rf4) 47... e3 $2 {[%mdl 8192]} (47... Rb3+ $11 48. Kf2 Kg4) 48. Kf3 {White threatens g4+ and mate.} Rb2 49. g4+ {Accuracy: White = 47%, Black = 46%.} 1-0

[Event "Stay Safe Play From Home 232"]
[Site "Emanuel Lasker Arena"]
[Date "2020.06.17"]
[Round "4"]
[White "SoulofWolf"]
[Black "Das opfer"]
[Result "1-0"]
[WhiteElo "2145"]
[BlackElo "1666"]
[Annotator "TA"]
[PlyCount "73"]
[EventDate "2020.06.17"]
[EventType "swiss (blitz)"]

{[%evp 11,72,0,9,-17,19,-50,21,0,66,61,251,0,222,224,302,300,249,182,254,154,236,166,144,133,110,51,65,23,31,55,631,499,617,192,192,217,194,0,1593,1588,1530,1533,1505,650,585,426,1461,1370,2851,2866,29987,2077,2758,2497,2340,1838,2819,2585,29990,29989,29991,29990,29999]} 1. d4 Nf6 2. Nf3 c5 3. g3 d5 4. Bg2 Nc6 5. O-O e6 6. c3 Bd6 7. Re1 {[#] D02: 1 d4 d5 2 Nf3 sidelines, including 2...Nf6 3 g3 and 2...Nf6 3 Bf4.} Bd7 $146 ({Predecessor:} 7... O-O 8. Bg5 Bd7 9. Qb3 Bc8 10. Qd1 Bd7 11. Qb3 Bc8 12. Qd1 Bd7 13. Qb3 Bc8 14. Qd1 {½-½ (14) Talbi,C (2254)-Nassr,A (2263) Dubai 2018}) 8. Qc2 (8. Bg5 $11) 8... Qe7 (8... Rc8 $15) 9. Bg5 {The position is equal.} O-O-O (9... cxd4 $11 10. cxd4 h6 11. Bxf6 Qxf6) 10. Nbd2 Kb8 $2 ({Better is} 10... cxd4 $14 11. cxd4 h6 12. Bxf6 Qxf6) 11. b4 $2 (11. e4 $18) 11... h6 $2 (11... cxb4 $11 {and Black stays safe.} 12. Rab1 h6 13. Bxf6 Qxf6) 12. Bxf6 $18 ({Don't do} 12. bxc5 $6 hxg5 13. cxd6 Qxd6 $16) 12... gxf6 13. bxc5 ({Not} 13. dxc5 Bc7 $16) 13... Bc7 14. Reb1 h5 (14... f5 {might work better.} 15. e3 Na5) 15. c4 h4 (15... f5 $16 16. e3 Ka8 17. cxd5 exd5) 16. cxd5 ({Weaker is} 16. gxh4 Rdg8 $16) 16... exd5 17. e4 hxg3 18. fxg3 $40 {[%mdl 128] Black needs to defend precisely.} ({White should try} 18. hxg3 $16 dxe4 19. Nxe4) 18... dxe4 $1 $14 19. Nxe4 {d5 is the strong threat.} f5 20. Nc3 {Hoping for Nd5.} Qf6 $2 {[%mdl 8192]} (20... Qe3+ $14 21. Kf1 Bc8) 21. Nd5 Qh6 {[#]} 22. Qb2 $2 (22. Rxb7+ $3 {[%mdl 512]} Kxb7 23. Rb1+ Bb6 24. cxb6) 22... Bc8 $18 23. Nxc7 Kxc7 24. Qc1 $2 (24. Rd1 $18 {aiming for d5.} Qf6 25. Rab1) 24... Qh7 $2 {[%mdl 8192]} (24... Qxc1+ $11 25. Rxc1 Nxd4) 25. Qf4+ Kd7 26. d5 {White wants to mate with Re1.} Ne7 27. Ne5+ (27. Qa4+ $142 Kc7 28. c6 Nxd5 29. cxb7) 27... Ke8 28. h4 Bd7 (28... Qh6 $142 29. Qxh6 Rxh6) 29. d6 Nd5 30. Bxd5 f6 31. Nf3 (31. Rxb7 $142 Kf8 32. c6 Bxc6 33. Rxh7 Rxh7 34. Qxf5 Rh6 35. Nxc6 Kg7 36. Nxd8) 31... Qg7 32. Re1+ Kf8 33. Re7 Qg6 34. Rae1 Bc6 35. Bxc6 {White mates.} bxc6 {[#]} 36. Nd4 $1 {[%mdl 64] Double Attack} Rg8 37. Ne6# {Accuracy: White = 37%, Black = 19%.} 1-0

[Event "Stay Safe Play From Home 232"]
[Site "Emanuel Lasker Arena"]
[Date "2020.06.17"]
[Round "4"]
[White "Lazieri3"]
[Black "Bardellosport"]
[Result "0-1"]
[WhiteElo "2084"]
[BlackElo "2064"]
[Annotator "TA"]
[PlyCount "92"]
[EventDate "2020.06.17"]
[EventType "swiss (blitz)"]

{[%evp 9,92,-19,0,-22,-14,-4,-3,-20,2,0,29,31,51,-8,-8,-12,-18,-31,-20,-33,-22,-24,-19,-88,-81,-188,86,-39,20,21,18,16,158,160,164,151,482,476,600,590,575,479,446,478,559,544,835,833,797,761,945,912,975,761,758,735,1127,1087,1214,1216,1103,1088,1092,1081,1039,537,29999,914,29999,4706,29999,29968,29972,29971,6423,6014,29980,29981,29980,29974,29975,29976,29971,2257,29981]} 1. e4 e6 2. Nc3 b6 3. d3 Bb7 4. Be3 Nf6 5. Nf3 Be7 6. Be2 {[#] C00: French: Unusual White 2nd moves.} d5 $146 ({Predecessor:} 6... Ng4 7. Bf4 Nc6 8. Nd2 Nge5 9. Nb3 Bd6 10. Nb5 Nxd3+ 11. Bxd3 Bxf4 12. Qg4 Bh6 {0-1 (30) Norsoller,J-Poulsen,R Esbjerg 2005}) 7. exd5 exd5 8. d4 {The position is equal.} c5 9. O-O c4 10. Ne5 Nc6 11. Nxc6 ({Better is} 11. Bg5 $14) 11... Bxc6 $11 12. Bf3 O-O 13. Ne2 Qd7 14. Ng3 Ne4 15. Nxe4 dxe4 16. Bg4 (16. Be2 $11 {remains equal.}) 16... f5 $17 17. Be2 {[#]} (17. Bh3 $17) 17... g6 $2 (17... f4 $1 $19 {Threatens to win with ...Qd5.} 18. Bg4 Qd5) 18. g3 (18. Bxc4+ $16 Bd5 19. Bxd5+ Qxd5 20. Bf4) 18... Qd5 ({Black should try} 18... Bd5 $15) 19. b3 $11 b5 20. Qd2 cxb3 (20... Qf7 $11 {keeps the balance.}) 21. axb3 $16 a6 22. c4 $36 {[%mdl 2048] White is on the roll.} Qe6 $2 {Black cannot hold the game after this.} (22... Qf7 $16 {is tougher.} 23. d5 Bb7) 23. d5 $18 {[%mdl 64] [#] Double Attack} Qd6 {If only Black now had time for ...Bb7....} 24. dxc6 Qxc6 25. Qd5+ Qxd5 26. cxd5 Rad8 27. Rxa6 Bf6 28. Bxb5 Kg7 29. Bc4 Rb8 30. Rd1 Rfd8 31. Bd4 Bxd4 32. Rxd4 Kh6 33. d6 Kg5 34. d7 Rb7 35. Be6 Rc7 36. Kg2 Kf6 37. Bg8+ Ke5 38. Rd2 (38. Rd5# $142) 38... e3 39. fxe3 (39. Re6# $142) 39... Ke4 40. Bxh7 {[%cal Ra6e6]} Kxe3 41. Rd1 {[%cal Ra6e6]} Rc2+ 42. Kh3 Rd2 43. Rxd2 Kxd2 44. Ra7 f4 45. Bxg6 f3 46. Bf5 (46. Be8 $142 Kd3 47. Ra2 Ke4 48. Kg4 Ke5 49. Kxf3 Kf5 50. Rc2 Ke6 51. Rc8) 46... f2 {[%mdl 32768] Accuracy: White = 67%, Black = 33%. . Loss on time!?} 0-1

[Event "Stay Safe Play From Home 232"]
[Site "Emanuel Lasker Arena"]
[Date "2020.06.17"]
[Round "4"]
[White "Fischer_11"]
[Black "Grizzzly"]
[Result "1-0"]
[WhiteElo "2044"]
[BlackElo "1801"]
[Annotator "NA RC"]
[PlyCount "103"]
[EventDate "2020.06.17"]
[EventType "swiss (blitz)"]

1. e4 {[%emt 0:00:03]} c6 {[%emt 0:00:02]} 2. d4 {[%emt 0:00:01]} d5 {[%emt 0:00:00]} 3. exd5 {[%emt 0:00:00]} cxd5 {[%emt 0:00:01]} 4. c4 {[%emt 0:00:00]} Nf6 {[%emt 0:00:00]} 5. Nc3 {[%emt 0:00:01]} Nc6 {[%emt 0:00:00]} 6. Bg5 {[%emt 0:00:00]} Bg4 {[%emt 0:00:01]} 7. f3 {[%emt 0:00:02]} Be6 {[%emt 0:00:03]} 8. Rc1 {[%emt 0:00:00]} dxc4 {[%emt 0:00:01]} 9. Bxf6 {[%emt 0:00:02]} exf6 {[%emt 0:00:01]} 10. d5 {[%emt 0:00:01]} Bb4 {[%emt 0:00:11]} 11. dxc6 {[%emt 0:00:03]} bxc6 {[%emt 0:00:03]} 12. Qxd8+ {[%emt 0:00:05]} Rxd8 {[%emt 0:00:01]} 13. a3 {[%emt 0:00:04]} Ba5 {[%emt 0:00:02]} 14. Nge2 {[%emt 0:00:02]} O-O {[%emt 0:00:04]} 15. Rd1 {[%emt 0:00:01]} Bf5 {[%emt 0:00:10]} 16. Nd4 {[%emt 0:00:03]} c5 {[%emt 0:00:02]} 17. Nxf5 {[%emt 0:00:01]} Rxd1+ {[%emt 0:00:01]} 18. Kxd1 {[%emt 0:00:00]} Rd8+ {[%emt 0:00:02]} 19. Kc2 {[%emt 0:00:01]} Bc7 {[%emt 0:00:01]} 20. Bxc4 {[%emt 0:00:01]} Be5 {[%emt 0:00:00]} 21. Rd1 {[%emt 0:00:02]} Re8 {[%emt 0:00:01]} 22. Nd6 {[%emt 0:00:03]} Bxd6 {[%emt 0:00:01]} 23. Rxd6 {[%emt 0:00:01]} g6 {[%emt 0:00:00]} 24. Rxf6 {[%emt 0:00:01]} Kg7 {[%emt 0:00:01]} 25. Rxf7+ {[%emt 0:00:01]} Kg8 {[%emt 0:00:01]} 26. Rxa7+ {[%emt 0:00:01]} Kh8 {[%emt 0:00:02]} 27. Rc7 {[%emt 0:00:03]} h5 {[%emt 0:00:00]} 28. Rxc5 {[%emt 0:00:01]} g5 {[%emt 0:00:00]} 29. Bf7 {[%emt 0:00:01]} g4 {[%emt 0:00:00]} 30. Bxe8 {[%emt 0:00:01]} gxf3 {[%emt 0:00:01]} 31. gxf3 {[%emt 0:00:00]} h4 {[%emt 0:00:01]} 32. Bh5 {[%emt 0:00:00]} h3 {[%emt 0:00:00]} 33. Bg4 {[%emt 0:00:00]} Kg7 {[%emt 0:00:02]} 34. Bxh3 {[%emt 0:00:00]} Kf6 {[%emt 0:00:00]} 35. Bg2 {[%emt 0:00:00]} Kg6 {[%emt 0:00:01]} 36. b4 {[%emt 0:00:00]} Kf6 {[%emt 0:00:00]} 37. a4 {[%emt 0:00:00]} Ke6 {[%emt 0:00:00]} 38. Kb3 {[%emt 0:00:00]} Kd7 {[%emt 0:00:00]} 39. Kc4 {[%emt 0:00:00]} Kd8 {[%emt 0:00:00]} 40. f4 {[%emt 0:00:00]} Kd7 {[%emt 0:00:00]} 41. h4 {[%emt 0:00:00]} Ke7 {[%emt 0:00:00]} 42. Rc6 {[%emt 0:00:00]} Kf7 {[%emt 0:00:00]} 43. b5 {[%emt 0:00:00]} Ke8 {[%emt 0:00:00]} 44. a5 {[%emt 0:00:00]} Kd7 {[%emt 0:00:00]} 45. f5 {[%emt 0:00:01]} Kd8 {[%emt 0:00:00]} 46. h5 {[%emt 0:00:00]} Kd7 {[%emt 0:00:00]} 47. Kc5 {[%emt 0:00:00]} Ke7 {[%emt 0:00:00]} 48. b6 {[%emt 0:00:00]} Kd7 {[%emt 0:00:00]} 49. a6 {[%emt 0:00:00]} Kd8 {[%emt 0:00:00]} 50. Rc7 {[%emt 0:00:00]} Ke8 {[%emt 0:00:01]} 51. Kd6 {[%emt 0:00:00]} Kd8 {[%emt 0:00:01]} 52. Ke6 {[%emt 0:00:00] Zeit (Lag: Av=0.35s, max=0.6s)} 1-0

[Event "Stay Safe Play From Home 232"]
[Site "Emanuel Lasker Arena"]
[Date "2020.06.17"]
[Round "4"]
[White "Haxhi Baha"]
[Black "Lamborghini"]
[Result "0-1"]
[WhiteElo "2037"]
[BlackElo "2245"]
[Annotator "TA"]
[PlyCount "80"]
[EventDate "2020.06.17"]
[EventType "swiss (blitz)"]

{[%evp 9,79,39,66,68,72,72,120,125,129,121,125,106,124,39,47,8,77,-7,144,129,226,222,277,283,359,359,612,397,382,36,55,77,150,3,44,-42,-47,-36,-33,-78,-80,-106,-115,-107,-53,-539,-522,-596,-579,-612,-588,-1231,-1219,-29984,-29985,-29986,-29987,-29987,-29988,-29994,-29993,-29993,-29993,-29993,-29993,-29993,-29994,-29996,-29997,-29998,-29999,-29999]} 1. e4 g6 2. d4 Bg7 3. Nc3 c5 4. Nge2 b6 5. Be3 {[#]} Bb7 $146 ({Predecessor:} 5... cxd4 6. Nxd4 Bb7 7. Qd2 Nc6 8. O-O-O Rc8 9. f3 Nb4 10. Kb1 Nf6 11. Bh6 Bxh6 12. Qxh6 {1-0 (28) Jurcik,M (2474)-Demian,M (2058) Slovakia 2012}) 6. f3 {B06: Modern Defence.} cxd4 7. Bxd4 Bxd4 8. Qxd4 {White is better.} Nf6 9. e5 Nc6 10. Qe3 Nh5 11. g4 ({Better is} 11. O-O-O $16) 11... Ng7 $14 12. Bg2 h5 {[#]} (12... d6 $11) 13. h3 (13. O-O-O $1 $16) 13... a6 $2 (13... d6 $1 $11) 14. O-O-O b5 (14... Na5 $16) 15. f4 $18 b4 16. Nd5 Qa5 17. Kb1 Kf8 $2 (17... b3) 18. Be4 Rd8 19. Qb6 $2 (19. Nb6 $18 b3 20. axb3 (20. Qxb3 Ne6 $16)) 19... Qxb6 $14 20. Nxb6 Ke8 ({Black should try} 20... Ne6) 21. Nd4 (21. f5 $16) 21... Ne6 (21... Rb8 {looks sharper.} 22. Nxc6 Bxc6 23. Bxc6 dxc6 24. Nc4 c5) 22. Nxc6 (22. Nb3 $14) 22... Bxc6 $15 23. Bxc6 dxc6 24. Rxd8+ Kxd8 $14 {[%mdl 4096] Endgame KRN-KRN} 25. f5 Nf4 26. Nc4 hxg4 (26... Ke8 $17 {Threatens to win with ...hxg4.} 27. fxg6 fxg6) 27. h4 $2 {[%mdl 8192]} (27. Rd1+ $15 Kc7 28. hxg4) 27... g3 28. fxg6 fxg6 29. Rg1 g2 30. a4 Rxh4 {Strongly threatening ...Rh1.} 31. Ne3 {[#]} Rh1 $1 {Black mates.} 32. Nxg2 Rxg1+ 33. Ka2 Rxg2 34. b3 Ne6 35. Kb2 Kc7 36. Kc1 c5 37. Kd1 {[#]} c4 $1 38. c3 (38. bxc4 Nd4) 38... cxb3 39. cxb4 b2 {[%cal Rb2b1]} 40. b5 b1=Q# {Black used his chance. Accuracy: White = 26%, Black = 40%.} 0-1

[Event "Stay Safe Play From Home 232"]
[Site "Emanuel Lasker Arena"]
[Date "2020.06.17"]
[Round "4"]
[White "Position"]
[Black "Tartak"]
[Result "1-0"]
[WhiteElo "1957"]
[BlackElo "1763"]
[Annotator "TA"]
[PlyCount "77"]
[EventDate "2020.06.17"]
[EventType "swiss (blitz)"]

{[%evp 9,77,-6,6,-27,-35,-36,-34,-33,0,-15,0,-11,37,-20,98,99,148,142,303,222,367,362,363,301,327,307,320,328,327,316,439,422,455,454,557,-104,-109,-102,-122,-81,0,-41,-17,-259,-241,-240,-102,-103,-86,-167,133,129,161,8,164,195,361,343,943,942,1603,763,728,1267,1022,1180,12832,-29988,-29989,-29987]} 1. e3 d5 2. d4 c5 3. Nf3 Nc6 4. h3 e6 5. Bb5 Nf6 {[#]} 6. Bxc6+ $146 {D02: 1 d4 d5 2 Nf3 sidelines, including 2...Nf6 3 g3 and 2...Nf6 3 Bf4.} ({Predecessor:} 6. O-O Qc7 7. Nbd2 a6 8. Bxc6+ bxc6 9. b3 cxd4 10. exd4 Bd6 11. c4 O-O 12. Re1 {1-0 (40) Miladinovic,Z (1979)-Takac,Z (2082) Sarajevo 2013}) 6... bxc6 7. O-O Bd6 8. b3 {Black is slightly better.} Qc7 9. Bb2 Rb8 10. Nbd2 a5 11. Rb1 (11. dxc5 $14 Bxc5 12. c4) 11... c4 (11... cxd4 $11 12. exd4 a4) 12. bxc4 $16 dxc4 13. Nxc4 Ne4 $2 (13... Bb4 $16 14. a3 Ba6) 14. Nxd6+ Qxd6 (14... Nxd6 {was worth a try.} 15. Qd3 Rb6) 15. Qd3 $18 f5 16. c4 O-O 17. Ba3 c5 18. Rxb8 Qxb8 19. Bxc5 ({Don't play} 19. dxc5 Re8 $18) 19... Nxc5 20. dxc5 Bb7 21. Rb1 {aiming for c6!} Qa8 {intending ...Be4.} 22. Ne1 $2 (22. Qd6 $18) 22... Be4 $17 23. Qb3 {Strongly threatening Rb2.} Bxb1 24. Qxb1 {[%mdl 4096] Endgame KQR-KQN} Qc6 ({Better is} 24... Qe4 $1 $17 {[%cal Re4b1]} 25. Qd3 Qxd3 26. Nxd3 Kf7) 25. Nd3 Rd8 {[%mdl 1024] Black has compensation.} 26. Kf1 $2 (26. Qb3 $11) 26... Qe4 $1 $19 {[%csl LRc4,LRd3][%mdl 64] Double Attack} 27. Ke2 e5 (27... Qxc4 $19 {has better winning chances.} 28. Qb3 Qxb3 29. axb3 Rb8) 28. Qb3 $17 f4 {[#] Hoping for ...fxe3.} ({Of course not} 28... Qxg2 $6 29. Qb6 $1 $11 {[%mdl 512]}) 29. Ne1 (29. c6 $1 $17 {[%mdl 512]} fxe3 (29... Qxc6 30. c5+) 30. f3 Qxc6 31. Nxe5) 29... f3+ $2 ({Black should try} 29... fxe3 $19 30. fxe3 h6) 30. gxf3 $16 Qh4 31. Nd3 $2 (31. c6 $18) 31... Qxh3 $2 (31... e4 $11 {and Black is okay.} 32. fxe4 Qxe4) 32. Nxe5 $18 h5 $2 (32... Qf5) 33. f4 Qh1 $2 (33... Qf5 34. c6 h4) 34. c6 Kh7 35. c5 (35. c7 $142 Re8 36. Qd3+ Kg8 37. Qd5+ Qxd5 38. cxd5) 35... Qc1 36. c7 (36. Nd7 $142) 36... Rd2+ 37. Kf3 Qxc5 38. Qc3 $4 {[%mdl 8192]} (38. Qc4 $18 Rc2 39. Qe4+ Kg8 40. Ng6 Qxc7 41. Qe8+ Kh7 42. Nf8+ {[%mdl 64] Discovered Attack} Kh8 43. Ne6+ Kh7 44. Nxc7 Rxc7 45. Qxh5+ Kg8 46. Qe8+ Kh7 47. Qh5+ Kg8 48. Qb5) 38... Qxc3 39. Kg3 {[%mdl 32768] What a bad dream for White. Accuracy: White = 45%, Black = 21%. . Sensor Board Error (Ke4/e5)?} 1-0

[Event "Stay Safe Play From Home 232"]
[Site "Emanuel Lasker Arena"]
[Date "2020.06.17"]
[Round "4"]
[White "Mohitpuri"]
[Black "Emresenar"]
[Result "0-1"]
[WhiteElo "1556"]
[BlackElo "1808"]
[Annotator "NA RC"]
[PlyCount "62"]
[EventDate "2020.06.17"]
[EventType "swiss (blitz)"]

1. g3 {[%emt 0:00:03]} c5 {[%emt 0:00:02]} 2. Nf3 {[%emt 0:00:02]} Nf6 {[%emt 0:00:00]} 3. d3 {[%emt 0:00:02]} g6 {[%emt 0:00:01]} 4. c3 {[%emt 0:00:01]} Bg7 {[%emt 0:00:00]} 5. b3 {[%emt 0:00:01]} Nc6 {[%emt 0:00:01]} 6. Nbd2 {[%emt 0:00:01]} O-O {[%emt 0:00:00]} 7. g4 {[%emt 0:00:02]} Nxg4 {[%emt 0:00:02]} 8. h3 {[%emt 0:00:00]} Nge5 {[%emt 0:00:02]} 9. Nxe5 {[%emt 0:00:02]} Nxe5 {[%emt 0:00:00]} 10. d4 {[%emt 0:00:01]} cxd4 {[%emt 0:00:00]} 11. cxd4 {[%emt 0:00:02]} Nc6 {[%emt 0:00:02]} 12. Nf3 {[%emt 0:00:02]} d5 {[%emt 0:00:02]} 13. e4 {[%emt 0:00:02]} dxe4 {[%emt 0:00:02]} 14. Nd2 {[%emt 0:00:01]} Bxd4 {[%emt 0:00:02]} 15. Bg2 {[%emt 0:00:01]} Bxa1 {[%emt 0:00:01]} 16. Bb2 {[%emt 0:00:02]} Bxb2 {[%emt 0:00:01]} 17. Qb1 {[%emt 0:00:02]} Nb4 {[%emt 0:00:05]} 18. Bxe4 {[%emt 0:00:02]} f5 {[%emt 0:00:05]} 19. Nc4 {[%emt 0:00:04]} Bc3+ {[%emt 0:00:07]} 20. Kf1 {[%emt 0:00:01]} fxe4 {[%emt 0:00:01]} 21. Kg2 {[%emt 0:00:02]} Bf5 {[%emt 0:00:03]} 22. Qe1 {[%emt 0:00:02]} Nd3 {[%emt 0:00:01]} 23. Qd1 {[%emt 0:00:00]} Nf4+ {[%emt 0:00:01]} 24. Kh2 {[%emt 0:00:06]} Qxd1 {[%emt 0:00:02]} 25. Rxd1 {[%emt 0:00:02]} b5 {[%emt 0:00:00]} 26. f3 {[%emt 0:00:02]} bxc4 {[%emt 0:00:02]} 27. bxc4 {[%emt 0:00:02]} exf3 {[%emt 0:00:01]} 28. Rd3 {[%emt 0:00:01]} Be5 {[%emt 0:00:01]} 29. Rc3 {[%emt 0:00:00]} Ne2+ {[%emt 0:00:01]} 30. Kh1 {[%emt 0:00:06]} Nxc3 {[%emt 0:00:00]} 31. Kg1 {[%emt 0:00:02]} Be4 {[%emt 0:00:00] Time (Lag: Av=1.39s, max=2.1s)} 0-1

[Event "Stay Safe Play From Home 232"]
[Site "Emanuel Lasker Arena"]
[Date "2020.06.17"]
[Round "4"]
[White "Trotsky"]
[Black "Don59as"]
[Result "0-1"]
[WhiteElo "1452"]
[BlackElo "2105"]
[Annotator "NA RC"]
[PlyCount "46"]
[EventDate "2020.06.17"]
[EventType "swiss (blitz)"]

1. d4 {[%emt 0:00:01]} d5 {[%emt 0:00:01]} 2. e3 {[%emt 0:00:00]} e6 {[%emt 0:00:01]} 3. c4 {[%emt 0:00:00]} Nf6 {[%emt 0:00:00]} 4. Nc3 {[%emt 0:00:01]} Be7 {[%emt 0:00:01]} 5. Qc2 {[%emt 0:00:01]} O-O {[%emt 0:00:01]} 6. c5 {[%emt 0:00:00]} b6 {[%emt 0:00:01]} 7. Nf3 {[%emt 0:00:01]} a5 {[%emt 0:00:01]} 8. Bd3 {[%emt 0:00:01]} bxc5 {[%emt 0:00:01]} 9. Ng5 {[%emt 0:00:01]} h6 {[%emt 0:00:01]} 10. h4 {[%emt 0:00:01]} c4 {[%emt 0:00:02]} 11. Bh7+ {[%emt 0:00:02]} Kh8 {[%emt 0:00:02]} 12. Bd2 {[%emt 0:00:00]} Nc6 {[%emt 0:00:03]} 13. a3 {[%emt 0:00:02]} Rb8 {[%emt 0:00:03]} 14. O-O-O {[%emt 0:00:01]} Nb4 {[%emt 0:00:03]} 15. Qb1 {[%emt 0:00:06]} Ne4 {[%emt 0:00:04]} 16. Ncxe4 {[%emt 0:00:06]} dxe4 {[%emt 0:00:01]} 17. Bxe4 {[%emt 0:00:01]} f5 {[%emt 0:00:03]} 18. g4 {[%emt 0:00:05]} fxe4 {[%emt 0:00:03]} 19. Qxe4 {[%emt 0:00:01]} Nd3+ {[%emt 0:00:01]} 20. Kb1 {[%emt 0:00:02]} Rxb2+ {[%emt 0:00:01]} 21. Ka1 {[%emt 0:00:01]} Bxg5 {[%emt 0:00:03]} 22. hxg5 {[%emt 0:00:02]} Qd6 {[%emt 0:00:01]} 23. gxh6 {[%emt 0:00:02]} Qxa3# {[%emt 0:00:02] (Lag: Av=0.49s, max=1.1s)} 0-1